| 000 | 01354nam a22002297a 4500 | ||
|---|---|---|---|
| 003 | OSt | ||
| 005 | 20210205154517.0 | ||
| 008 | 210205s2009 ck ac||gr|||| 00| 0 spa d | ||
| 020 | _a9789586642231 | ||
| 040 |
_aCO-JMCR _cCO-JMCR |
||
| 041 | 0 | _aspa | |
| 082 | 0 | 4 |
_a741.5 / _bB582c _223 |
| 110 | 2 |
_eautor _aBiblioteca Luis Ángel Arango _913077 |
|
| 245 | 1 | 3 |
_aLa caricatura en Colombia a partir de la independencia / _cBiblioteca Luis Ángel Arango, Casa Republica |
| 260 |
_aBogotá : _bBanco de la Republica, _c2009 |
||
| 300 |
_a265 páginas : _bilustraciones, retratos a color ; _c28 cm. |
||
| 505 | 0 | _a¿Qué es la caricatura?. -- Señales de caricatura en Colombia. -- La risa y lo diabólico : antecedentes de la caricatura en Colombia. -- El general trabuco y la litografía. -- La caricatura social : moda y transgresiones. La caricatura social después de la Independencia. -- El intervencionismo y las revistas de humor. -- El fenómeno Ricardo Rendón. -- Los descendientes de Rendón. -- El boom del dibujo de humor. -- Jaime Garzón un impertinente de leyenda. -- ¡Dios salve a este mundo! | |
| 650 | 2 | 4 |
_aCaricaturas Colombianas _xExposiciones _913078 |
| 650 | 2 | 4 |
_aDibujos Colombianos _xExposiciones _vCatálogos _913079 |
| 650 | 2 | 4 |
_aCatálogos _xCaricaturas Colombianas _xHistoria _v Exposiciones _vCatálogos _913080 |
| 942 |
_2ddc _cBK |
||
| 999 |
_c7116 _d7116 |
||